The conscience : a structural theory /

Guardado en:
Autor Principal: Kroy, Moshe.
Formato: Libro
Idioma:English
Publicado: New York : Jerusalem : Wiley ; Israel Universities Press, c1974.
Materias:
Etiquetas: Agregar Etiqueta
Sin Etiquetas, Sea el primero en etiquetar este registro!
LEADER 00642cam a2200217 a 4500
001 MAT.inmabb004588
008 740605s1974####nyu######b####001#0#eng##
005 20070813185308.0
245 1 4 |a The conscience :  |b a structural theory /  |c M. Kroy. 
260 |a New York :  |b Wiley ;  |a Jerusalem :  |b Israel Universities Press,  |c c1974. 
300 |a xv, 228 p. ;  |c 24 cm. 
500 |a "A Halsted Press book." 
504 |a Bibliografía: p. 216-223. 
020 |a 0470508566 
020 |a 0706514629 
100 1 |a Kroy, Moshe. 
650 0 |a Conscience. 
650 2 |a Morals. 
010 |a  74010912  
040 |a DLC  |c DLC  |d DLC 
859 |p A-4641  |b BIB. MATEMATICA